| 000 | 00463nam a22001577a 4500 | ||
|---|---|---|---|
| 999 |
_c9242 _d9242 |
||
| 008 | 210331b ||||| |||| 00| 0 eng d | ||
| 040 | _aBMS College of Architecture | ||
| 100 | _aChowdhary, Lakshmi | ||
| 245 | _aGolf Club Bangalore | ||
| 300 | _aNA | ||
| 500 | _a1BM01AT012 | ||
| 502 |
_8B.Arch _NBMS College of Architecture, Visvesvaraya Technological University _aProject report _d2005 |
||
| 650 | _aClub | ||
| 700 |
_aRajan Sridhar _eGuide |
||
| 942 |
_2ddc _cTHE |
||